Stephen King's It: Forms of IT - Statistics

General Stats
  • This quiz has been taken 647 times
  • The average score is 7 of 28
Answer Stats
Answer % Correct
Most commonly appears as Pennywise the clown
99%
Appears to Bill Denborough in 1958 in a picture and in 1985 in the sewers under Darry George Denborough
62%
Giant Spider like Creature
59%
Appears to Eddie Kaspbrak in 1958 under the pourch at the house on Neibolt Street Leper
53%
Appears to Richie Tozier in 1958 and later to the Loser's Club at the house on Neibolt Street Teenage Werewolf
53%
Appears to Beverly Marsh in 1958 and others periodically while in the bathroom Voices from the Drain
52%
Appears to Ben Hanscom in 1958 while walking home from school Mummy
44%
Appears to Mike Hanlon in 1958 and to William Hanlon in 1930 while at the ruins of the Kitchner Ironworks Giant Bird
43%
Head of Stan Uris
29%
Alvin Marsh
25%
Statue of Paul Bunyan
19%
Frankenstein's Monster
18%
Appears to Eddie Corcoran in 1958 Creature from the Black Lagoon
17%
Appears to Stan Uris in 1958 at the standpipe Dead Boys
16%
Deadlights
16%
Doberman Pinscher
16%
Appears to the Loser's Club in the sewers under Darry in 1958 Eye
16%
Appears to Ben Hanscom in the Darry Public Library in 1985 Dracula
14%
Appears to Beverly Marsh in her father's appartment in 1985 Witch from Hansel and Gretel
14%
Flying Leeches
13%
Reginald "Belch" Hugins
13%
Patrick Hockstetter
11%
The Moon
11%
Jaws
10%
Victor Criss
10%
Dorsey Corcoran
4%
Piranhas
4%
Appears to Tony Tracker
3%
No matching quizzes found
Score Distribution
Percent of People with Each Score
Percentile by Number Answered
Your Score History
You have not taken this quiz